| 000 | 01530nam a2200217Ia 4500 | ||
|---|---|---|---|
| 003 | Ost | ||
| 005 | 20260507075639.0 | ||
| 008 | 260507s9999||||xx |||||||||||||| ||und|| | ||
| 040 | _cfsecg | ||
| 041 | _aara | ||
| 082 | _a657.62 | ||
| 100 |
_aعبد ربه محمد، محمد محمود _eمؤلف |
||
| 245 | 0 |
_aالمعايير المحاسبية المصرية ومشكلات التطبيق / _c محمد محمود عبد ربه محمد |
|
| 260 |
_aالإسكندرية: _bالدار الجامعية, _c2000 |
||
| 300 |
_a256 صفحة؛ _bإيضاحات ؛ _c24 سم |
||
| 504 | _aالمراجع ص.256 | ||
| 520 | _aالمعايير المحاسبية المصرفية ،الإطار النظري للمحاسبة،الإطار العام للمعايير المحكمية المصرية،معايير محاسبة خاصة بالإفصاح المحاسبي ،معايير محاسبية خاصة بالقياس والتقييم المحاسبي -دراسة بعض مشاكل القياس والتقييم المحاسبي ،التغييرات المحاسبية ،الأصول الثابتة واملاكاتها -القياس المحاسبي لللأبراد ،القياس المحاسبي للمصروف والمخزون ،القياس المحاسبي لتكلفة الإفتراض ،المحاسبة عن عمليات التأجير التمويلي ،قائمة التدفقات النقدية | ||
| 653 | _aالمحاسبة - مصر | ||
| 653 | _aالمعايير المحاسبية | ||
| 942 | _cكتاب | ||
| 999 |
_c45353 _d45353 |
||